Score 0/12 Timer 03:00
0 Plays Today
% Correct
Chile
89.6%
Argentina
88.7%
Brazil
88.5%
Peru
81.6%
Paraguay
80.1%
Venezuela
79.2%
Bolivia
78.7%
Uruguay
78.6%
Colombia
76.8%
Guyana
74.4%
Ecuador
73.9%
Suriname
72.2%
Remove Ads.
Support Sporcle.
Get the best of Sporcle when you Go Orange. This ad-free experience offers more features, more stats, and more fun while also helping to support Sporcle. Thank you for becoming a member.

You're not logged in!

Compare scores with friends on all Sporcle quizzes.
OR
Log In

Show Comments

Extras

Top Quizzes Today


Score Distribution

Your Account Isn't Verified!

In order to create a playlist on Sporcle, you need to verify the email address you used during registration. Go to your Sporcle Settings to finish the process.

Report this User

Report this user for behavior that violates our Community Guidelines.

Details: